| 000 | 01091nam a22001937a 4500 | ||
|---|---|---|---|
| 003 | JO-AjAnu | ||
| 005 | 20250315094642.0 | ||
| 008 | 250310b jo ||||| |||| 00| 0 ara d | ||
| 040 | _cJO-AjAnu | ||
| 041 | _hARA | ||
| 100 |
_aالسرارحة، سراح محمود _eمعد _966491 |
||
| 245 |
_aالشعر المنثور والنثر الشعري قراءة في نتاجي جبران خليل جبران وأمين الريحاني = Free Verse and Prose Poetry, An Analysis of Jubran Khalil and Amen Al Rayhani Work _c / اعداد سراح محمود السرارحة ؛ اشراف عبد الرحيم عزام مراشدة |
||
| 260 | _c2024 | ||
| 300 | _a181 ورقة | ||
| 500 | _aرسالة جامعية ( رسالة ماجستير في اللغة العربية وآدابها) - جامعة عجلون الوطنية، (الأردن-عجلون) / كلية الآداب، قسم اللغة العربية وآدابها، 2024 | ||
| 650 | _vالأدب العربي-القرن 19 | ||
| 700 |
_aمراشدة، عبدالرحيم عزام _eمشرف _966076 |
||
| 942 |
_2lcc _cTHS _n0 |
||
| 999 |
_c33886 _d33886 |
||